5HLuxD.jpg

KING HENRY VIII SENIOR AND PRIMARY SCHOOL LIBRARY OPAC

Crown of midnight : (Record no. 988)

000 -LEADER
fixed length control field 00836nam a22002297a 4500
005 - DATE AND TIME OF LATEST TRANSACTION
control field 20200310105034.0
008 - FIXED-LENGTH DATA ELEMENTS--GENERAL INFORMATION
fixed length control field 200310b ||||| |||| 00| 0 eng d
020 ## - INTERNATIONAL STANDARD BOOK NUMBER
International Standard Book Number 9781619630642
040 ## - CATALOGING SOURCE
Transcribing agency KH8
082 ## - DEWEY DECIMAL CLASSIFICATION NUMBER
Classification number FIC MAA
100 ## - MAIN ENTRY--PERSONAL NAME
Personal name Maas, Sarah J.
Relator term author
245 ## - TITLE STATEMENT
Title Crown of midnight :
Remainder of title a throne of glass novel /
Statement of responsibility, etc. Sarah J Maas
260 ## - PUBLICATION, DISTRIBUTION, ETC.
Place of publication, distribution, etc. New York :
Name of publisher, distributor, etc. Bloomsbury,
Date of publication, distribution, etc. 2014, ©2013.
300 ## - PHYSICAL DESCRIPTION
Extent 420 pages :
Other physical details map ;
Dimensions 25 cm.
440 ## - SERIES STATEMENT/ADDED ENTRY--TITLE
Title Throne of glass ;
Number of part/section of a work Book 2.
500 ## - GENERAL NOTE
General note Sequel to: Throne of glass.
520 ## - SUMMARY, ETC.
Summary, etc. As the royal assassin to an evil king, eighteen-year-old Celaena Sardothien must decide what she will fight for--survival, love, or the future of a kingdom.
650 ## - SUBJECT ADDED ENTRY--TOPICAL TERM
Topical term or geographic name entry element Assassins
Form subdivision Fiction
650 ## - SUBJECT ADDED ENTRY--TOPICAL TERM
Topical term or geographic name entry element Kings and rulers
Form subdivision Fiction
650 ## - SUBJECT ADDED ENTRY--TOPICAL TERM
Topical term or geographic name entry element Courts and courtiers
Form subdivision Fiction.
942 ## - ADDED ENTRY ELEMENTS (KOHA)
Source of classification or shelving scheme
Koha item type Books - Fiction
Holdings
Withdrawn status Lost status Source of classification or shelving scheme Damaged status Not for loan Collection code Permanent Location Current Location Shelving location Date acquired Total Checkouts Full call number Barcode Date last seen Date last checked out Price effective from Koha item type
          Fiction KH8 Senior School Library KH8 Senior School Library Young Adult 2020-03-10 5 FIC MAA 3KHSL000101731 2025-09-24 2025-09-23 2020-03-10 Books - Fiction

Powered By KH8 IT Dept